Origins Black ops 2 zombies BEST - Statistics

General Stats
  • This quiz has been taken 247 times
  • The average score is 18 of 32
Answer Stats
Hint Answer % Correct
Main character 2 Tank Demsey
97%
Female voice talking to them Samantha Maxis
95%
Main character 1 Edward richtofen
90%
Main character 3 Takeo Masaki
89%
Main character 4 Nikolai Belinski
88%
Generator number by Quick revive 1
86%
Generator number by Speed cola 3
86%
Generator number by jugg 4
85%
what do you have to ride to get the lightning staff Tank
85%
is it possible to complete the easteregg on solo? Yes
83%
what do you have to shoot down to make the fire staff Plane
76%
what do you get if you dig up 25+ dig spots Golden Shovel
73%
Buildable 2 Maxis Drone
72%
Name of giant robot 3 Odin
67%
What special item stops you from dying to the giant robots Golden Helmet
65%
Name of zombie boss Panzer Soldat
63%
Buildable 1 Zombie Shield
61%
random perk machine Wunderfizz
59%
Name of giant robot 1 Freya
48%
Easter egg achievement (name) little lost girl
44%
Step 1 of easter egg Secure the Keys
39%
Step 2 of easter egg Ascend from Darkness
37%
Step 8 of easter egg Freedom
36%
Step 5 of easter egg Skewer the winged beast
31%
Step 3 of easter egg Rain fire
29%
Step 7 of easter egg Raise Hell
29%
Step 4 of easter egg Unleash the Horde
21%
the real name for (The Crazy Place) aether
16%
what can red dig spots give you (must be in zombie blood mode) Free perk slot
16%
Name of giant robot 2 Zeus
16%
Step 6 of easter egg Weild a fist of iron
13%
Name of (ultimate monkey bombs) G-Strike Grenades
12%
No matching quizzes found
Score Distribution
Percent of People with Each Score
Percentile by Number Answered
Your Score History
You have not taken this quiz